000 00488nam a2200181Ia 4500
003 OSt
005 20250505130325.0
008 190216s9999||||xx |||||||||||||| ||und||
022 _29788126408382
040 _coclc
082 _a894.8121
_bAHA/A
100 _aAhamed, Rafeeq
_97722
245 0 _aAlmara /
_cRafeeq Ahamad
260 _bDc Books,
_a Kottayam:
_c2004.
300 _a62p
650 _aKavitha
942 _cBK
_2ddc
_h894.8121
_iAHA/A
_k894.8121
_mAHA/A
999 _c29165
_d29165